U.S. States with Topgolf - Statistics

General Stats
  • This quiz has been taken 63 times
  • The average score is 21 of 29
Answer Stats
Count State % Correct
1 California
96%
11 Texas
94%
6 Florida
89%
4 Arizona
85%
3 Georgia
81%
1 Nevada
80%
1 Oregon
80%
2 Illinois
78%
3 Ohio
78%
2 Alabama
76%
1 New Mexico
76%
1 North Carolina
74%
1 Utah
74%
2 Colorado
72%
1 Oklahoma
72%
1 Kansas
70%
3 Virginia
70%
1 Michigan
69%
2 South Carolina
69%
2 New Jersey
65%
1 Pennsylvania
65%
2 Tennessee
65%
1 Indiana
63%
1 Minnesota
63%
1 Missouri
63%
1 Arkansas
59%
1 Louisiana
56%
1 Nebraska
56%
3 Maryland
44%
No matching quizzes found
Score Distribution
Percent of People with Each Score
Percentile by Number Answered
Your Score History
You have not taken this quiz